Enabling policies for property development and investment

Bibliographic Details
Main Author: Mani Usilappan
Corporate Author: INSPEN
Format: Book
Published: 2000
Subjects:
Online Access:http://app.inspen.gov.my:7779/pls/portal/docs/PAGE/CORPORATEPAGES/PORTAL_INSPEN/LAPORAN_PENYELIDIKAN_DI_PERPUSTAKAAN/GA.PDF

MARC

LEADER 00000cam a2200000 7i4500
001 0000007486
005 20071031.0
040 |a INS 
090 0 0 |a RESEARCH 231 
100 0 |a Mani Usilappan 
245 1 0 |a Enabling policies for property development and investment   |c by Mani Usilappan 
260 |c 2000 
300 |c 30cm. 
500 |a Digital document is available on-line; Please click the URL below 
650 0 0 |a Property development   |z Malaysia 
650 0 0 |a Real estate investment   |z Malaysia 
710 2 |a INSPEN 
856 |u http://app.inspen.gov.my:7779/pls/portal/docs/PAGE/CORPORATEPAGES/PORTAL_INSPEN/LAPORAN_PENYELIDIKAN_DI_PERPUSTAKAAN/GA.PDF 
999 |a RES0000339   |b BOOK   |c Research By JPPH Staff   |e Default branch 
999 |a RES0000340   |b BOOK   |c Research By JPPH Staff   |e Default branch